000
00239nam a2200097Ia 4500
008
241105s9999 xx 000 0 und d
041
_a
eng
100
_a
Wagh Ankita
245
_a
Public Realm On Riverfront Pune
260
_b
BNCA, Pune
_c
2017
999
_c
361346
_d
361346